Clubes Vencedores da Taça de Portugal - Statistics

Estatísticas Gerais
  • Esse quiz foi jogado 434 vezes
  • A pontuação média é 10 de 15
Estatísticas das Respostas
Títulos Resposta % Correto
20 FC Porto
100%
29 SL Benfica
100%
20 Sporting CP
100%
2 SC Braga
98%
1 Vitória SC
92%
3 Vitória FC
88%
5 Boavista FC
85%
6 CF Os Belenenses
80%
2 Académica de Coimbra
64%
1 CS Marítimo
52%
1 Beira-Mar
47%
1 Leixões
43%
1 Estrela da Amadora
40%
1 SC Olhanense
28%
1 Carcavelinhos
22%
Nenhum quiz correspondente encontrado
Distribuição das Pontuações
Porcentagem de Pessoas com Cada Pontuação
Percentil de Números Respondidos
Sua Pontuação Histórica
Você não jogou esse quiz